| Поле | Инд. | ПП | Название | Значение |
|---|---|---|---|---|
| Тип записи | a | |||
| Библиографический уровень | m | |||
| 001 | Контрольный номер | 2f186a2765974e26acb3dfd904574ae4 | ||
| 005 | Дата корректировки | 20181104132002.2 | ||
| 100 | a | Данные общей обработки | 20171110 ||| 0rusy0189 ca | |
| 101 | 0_ | a | Язык текста | rus |
| 102 | a | Страна публикации | RU | |
| 200 | 1_ | a | Заглавие | № 4 |
| b | Общее обозначение материала | Текст | ||
| 210 | 1_ | d | Дата издания | 2015 |
| 461 | _0 | 1 | 2000 | |
| a | Закон и право | |||
| 1 | 2101 | |||
| d | 2015 | |||
| 1 | 001RU/REP/BASE/00010629 | |||
| 801 | _0 | a | Страна | RU |
| b | Организация | РГУП | ||
| c | Дата составления | 20171110 | ||
| g | Правила каталогизации | PSBO | ||
| 801 | _1 | a | Страна | RU |
| b | Организация | РГУП | ||
| c | Дата составления | 20171110 | ||
| g | Правила каталогизации | PSBO | ||
| 901 | t | Тип документа | s | |
| w | Контрольный № источника | RU/REP/BASE/00010629 |